000 00594nam a2200181Ia 4500
003 GCL
008 140319s9999 xx 000 0 ara d
040 _aGCL /
_cGCL
082 0 4 _a301.363
_bف ت
100 1 _aفتحى محمد مصيلحى
245 1 0 _aتخطيط المدينة العربية بين الاطار النظرى والواقع والمستقبل /
_cفتحى محمد مصيلحى
300 _a639 ص
490 _a
650 0 4 _aالاجتماع الحضرى
650 0 4 _aالمدن العربية
650 0 4 _aتخطيط المدن العربية
942 _2ddc
_cBK
999 _c41424
_d41424